000 00566nam a2200181Ia 4500
005 20250508170131.0
008 008 250505s9999 xx 000 0 hin d
037 _aTheses
040 _aFEDL
_beng
_cFEDL
041 _ahin
_2eng
084 _a491.430 7, RAW/TH
_qFEDL
100 _aRawat Brender Singh
_9783164
245 0 _aSchoolee hindi bhasha- shikshan ke sanderbh mein aalochnatmak shikshansastra ke upyog ki sambhavnaon ka adhyayan
260 _c2021
300 _a229p.
942 _cTH
_h491.430 7, RAW/TH
999 _c1399387
_d1399387